000 00787nam a2200229 i 4500
001 bg
245 0 0 _aMarketingowa strategia rozwoju przestrzeni /
_cpod red. Marka Obrębalskiego ; poszczególne części oprac. Franciszek Adamczuk [et al.].
260 _aWrocław :
_bWydaw. Akademii Ekonomicznej im. Oskara Langego,
_c1998.
300 _a118 s. :
_bwykr. ;
_c24 cm.
504 _aBibliogr. s. 116-118.
650 9 _aMarketing
_xzagadnienia
650 9 _aPlanowanie regionalne
_xpolityka
_zPolska
_yod 1989 r.
700 1 _aOBRĘBALSKI, Marek.
_eRed.
700 1 _aADAMCZUK, Franciszek
020 _a8370113613
040 _cBPK
041 0 _apl
080 _a711.2(438)"1989/...":339.138
920 _a83-7011-361-3
942 _cKS
008 s pl f |000 0 pol
999 _c36411
_d36411
856 _uhttp://koha.tu.koszalin.pl/cgi-bin/koha/opac-detail.pl?biblionumber=36411
_yKatalog online BPK